Rotifers (Brachionus plicatilis)

Salvato in:
Dettagli Bibliografici
Natura: Libro
Lingua:Undetermined
Pubblicazione: Dordrecht Dr. W. Junk Publishers 1987
Soggetti:
Tags: Aggiungi Tag
Nessun Tag, puoi essere il primo ad aggiungerne! !
Thư viện lưu trữ: Trung tâm Học liệu Trường Đại học Cần Thơ
LEADER 00437nam a2200169Ia 4500
001 CTU_150020
008 210402s9999 xx 000 0 und d
082 |a 595.181 
082 |b R848 
245 0 |a Rotifers (Brachionus plicatilis) 
260 |a Dordrecht 
260 |b Dr. W. Junk Publishers 
260 |c 1987 
650 |a Rotifera 
650 |x Research 
904 |i Năm 
980 |a Trung tâm Học liệu Trường Đại học Cần Thơ